000 00587nam a2200241 a 4500
001 nice12345678
003 IN_TiNIC
005 20260116012346.0
008 050524s1982 kara grp 000 0 urd
020 _a
_c100
082 0 0 _a891.4391
_bSHA13
100 _aShahbaz, Amrohvi
245 _aToe Zoe
260 _aKarachi
_bBazm-E-Arbab-E-Sukhan
_c1982
300 _a173p
500 _aincludes index and biblioraphy
505 2 _aGlossary, Bibliography and index
650 _aUrdu-Poetry
700 1 _aShahbaz, Amrohvi
902 _bSRS
942 _cBK
999 _c6689
_d6689